Código tributario. Títulos de artículos del cuerpo del código y de las normas del apéndice, concordancias, historia de la ley, jurisprudencia, notas explicativas, índice temático

Salvato in:
Dettagli Bibliografici
Ente Autore: Chile
Altri autori: Aste Mejías, Christian Nicolás (Direttore)
Natura: Libro
Lingua:spagnolo
Pubblicazione: Santiago, Chile: Legal Publishing; Thomson Reuters, 2016
Edizione:Cuarta edición.
Serie:Código Profesionales 2016
Soggetti:
Tags: Aggiungi Tag
Nessun Tag, puoi essere il primo ad aggiungerne!!

MARC

LEADER 00000cam a2200000 a 4500
001 UCD6799
003 CL-VaPUC
005 20250424154140.0
008 170119e20160000cl |||||||||||||||||spa|d
999 |c 366979  |d 366977 
020 |a 9789563468151 
040 |c Pontificia Universidad Católica de Valparaíso 
082 0 4 |a 343.8304 CHI 2016  |2 21 
110 1 |a Chile  |9 890760 
245 1 0 |a Código tributario.  |b Títulos de artículos del cuerpo del código y de las normas del apéndice, concordancias, historia de la ley, jurisprudencia, notas explicativas, índice temático 
250 |a Cuarta edición.  |b Actualizada al 29 de septiembre de 2016. 
260 |a Santiago, Chile:  |b Legal Publishing;  |b Thomson Reuters,  |c 2016 
300 |a 953 páginas  
490 0 |a Código Profesionales 2016 
505 |a -Decreto Ley N.º 830. -Título Preliminar. -Libro I. De la Administración, Fiscalización y Pago. -Libro II. De los Apremios y de las Infracciones y Sanciones. -Libro III. De la Competencia para conocer de los Asuntos Contenciosos Tributarios, de los Procedimientos y de la Prescripción. Apéndice: -Decreto Ley N.º 824. Aprueba texto que indica de la Ley sobre Impuesto a la Renta. (D.O. de 31 de diciembre de 1974). -Decreto Ley N.º 825. Impuestos a las Ventas y Servicios. (D.O. de 3 de diciembre de 1976). -Decreto Supremo N.º 55. Reglamento de la Ley sobre Impuesto a las Ventas y Servicios. (D.O. de 2 de febrero de 1977). -Decreto Ley N.º 3.475. Modifica la Ley de Timbres y Estampillas contenida en el Decreto Ley N.º 619, de 1974. (D.O. de 4 de septiembre de 1980). -Decreto con Fuerza de Ley N.º 7. Fija texto de la Ley Orgánica del Servicio de Impuestos Internos y adecua disposiciones legales que señala (D.O. de 15 de octubre de 1980) -Ley N.º 20.322. Ley Orgánica de Tribunales Tributarios y Aduaneros. (D.O. de 27 de enero de 2009). -Ley N.º 18.320. Establece normas que incentivan el cumplimiento tributario. (D.O de 17 de julio de 1984). -Ley N.º 20.780. Reforma tributaria que modifica el sistema de tributación de la renta e introduce diversos ajustes en el sistema tributario (D.O. de 29 de septiembre de 2014). 
583 |a last modification  |c 20170119 14:29:00  |k Rodrigo Vera 
650 0 |a Código tributario  |9 350428 
650 0 |a Derecho tributario chileno  |9 485061 
650 0 |a Tribunales tributarios   |2 CL-VaPUC  |9 536013 
650 0 |a Tribunales aduaneros   |2 CL-VaPUC  |9 398135 
700 |a Aste Mejías, Christian Nicolás   |e director  |9 859431 
942 |c BK  |2 ddc 
945 |d 20170119 14:29:00  |a arojas 
952 |0 0  |1 0  |2 ddc  |3 erb  |4 0  |6 343_830400000000000_CHI_2016  |7 0  |8 F  |9 481654  |a BIBDER  |b BIBDER  |i 5360641  |l 1  |o 343.8304 CHI 2016  |p 5360641  |r 2024-12-09  |s 2024-12-09  |w 2019-11-24  |y BK_F  |z Catalogado en:20170119  |k DER